00392 2200169 4500001002100000005001500021035002000036245002400056100000900080300002300089260003200112082000800144084001400152020002100166600000900187990002600196INLIS00000000000004320240611091412 a0010-06240000421 aPulang /cTere Liye0 aTere a400 hlm ;c20,5 cm aJakarta :bRepublika,c2018 a813 a813 TER p a978-602-082-212904aTere a2019/SMKMIRI/2182/001